Geometric functional analysis and its applications (Record no. 754965)

MARC details
000 -LEADER
fixed length control field 00487nam a22001697a 4500
020 ## - INTERNATIONAL STANDARD BOOK NUMBER
ISBN 9781468493719
100 ## - MAIN ENTRY--AUTHOR NAME
Personal name Holmes, Richard B
245 ## - TITLE STATEMENT
Title Geometric functional analysis and its applications
260 ## - PUBLICATION, DISTRIBUTION, ETC. (IMPRINT)
Place of publication New York
Name of publisher Springer-Verlag
Year of publication 1975
300 ## - PHYSICAL DESCRIPTION
Number of Pages x+246
490 ## - SERIES STATEMENT
Series statement Graduate texts in mathematics
500 ## - GENERAL NOTE
General note Graduate texts in mathematics 24
650 ## - SUBJECT ADDED ENTRY--TOPICAL TERM
Topical Term Linear spaces
650 ## - SUBJECT ADDED ENTRY--TOPICAL TERM
Topical Term Conjugate Spaces
942 ## - ADDED ENTRY ELEMENTS (KOHA)
Source of classification or shelving scheme Dewey Decimal Classification
Koha item type Book
Holdings
Withdrawn status Lost status Source of classification or shelving scheme Damaged status Not for loan Collection code Home Library Current Location Shelving location Date acquired Source of acquisition Cost, normal purchase price Full call number Accession Number Price effective from Koha item type
    Dewey Decimal Classification     Gift or donation Dept. of Mathematics Dept. of Mathematics General Stacks 08/01/2026 Donated by Dr. Krishna Kumar G on the completion of SERB sponsored project (UO. No: Ad.F1/1373/2021 dated 22/01/2024) 6989.07 515.7 HOL-G MATG232 12/01/2026 Book